Grant's dissector. (Record no. 4393)

000 -LEADER
fixed length control field 01104pam a2200325 a 4500
001 - CONTROL NUMBER
control field 3485864
003 - CONTROL NUMBER IDENTIFIER
control field OSt
005 - DATE AND TIME OF LATEST TRANSACTION
control field 20220323075245.0
008 - FIXED-LENGTH DATA ELEMENTS--GENERAL INFORMATION
fixed length control field 940224s1994 mdua 001 0 eng c
010 ## - LIBRARY OF CONGRESS CONTROL NUMBER
LC control number 94008726
020 ## - INTERNATIONAL STANDARD BOOK NUMBER
International Standard Book Number 0683037102
040 ## - CATALOGING SOURCE
Original cataloging agency DNLM/DLC
Transcribing agency ALUPE UNIVERSITY
Modifying agency DLC
050 00 - LIBRARY OF CONGRESS CALL NUMBER
Classification number QM34
Item number .G75 1994
060 10 - NATIONAL LIBRARY OF MEDICINE CALL NUMBER
Classification number QS 130 S255g 1994
082 00 - DEWEY DECIMAL CLASSIFICATION NUMBER
Classification number 611
Edition number 20
100 1# - MAIN ENTRY--PERSONAL NAME
Personal name Sauerland, Eberhardt K.,
Dates associated with a name 1933-
245 10 - TITLE STATEMENT
Title Grant's dissector.
250 ## - EDITION STATEMENT
Edition statement 11th ed. /
Remainder of edition statement Eberhardt K. Sauerland.
260 ## - PUBLICATION, DISTRIBUTION, ETC.
Place of publication, distribution, etc. Baltimore :
Name of publisher, distributor, etc. Williams & Wilkins,
Date of publication, distribution, etc. c1994.
300 ## - PHYSICAL DESCRIPTION
Extent xii, 265 p. :
Other physical details ill. ;
Dimensions 28 cm.
500 ## - GENERAL NOTE
General note "Digital arrangements of text and illustrations by Wanda S. Sauerland."
500 ## - GENERAL NOTE
General note Includes index.
650 #0 - SUBJECT ADDED ENTRY--TOPICAL TERM
Topical term or geographic name entry element Human dissection
General subdivision Laboratory manuals.
650 #2 - SUBJECT ADDED ENTRY--TOPICAL TERM
Topical term or geographic name entry element Dissection.
700 1# - ADDED ENTRY--PERSONAL NAME
Personal name Grant, J. C. Boileau
Fuller form of name (John Charles Boileau),
Dates associated with a name 1886-1973.
740 0# - ADDED ENTRY--UNCONTROLLED RELATED/ANALYTICAL TITLE
Uncontrolled related/analytical title Dissector.
906 ## - LOCAL DATA ELEMENT F, LDF (RLIN)
a 7
b cbc
c orignew
d 1
e ocip
f 19
g y-gencatlg
942 ## - ADDED ENTRY ELEMENTS (KOHA)
Source of classification or shelving scheme
Koha item type Book
Suppress in OPAC JO
Holdings
Withdrawn status Lost status Source of classification or shelving scheme Damaged status Not for loan Permanent Location Current Location Shelving location Date acquired Source of acquisition Total Checkouts Full call number Barcode Date last seen Price effective from Koha item type Public note Copy number
          AU LIBRARY AU LIBRARY Open Shelf 23.03.2022 DONATION FROM MOI UNIVERSITY   QM34 .G75 1994 28006272 23.03.2022 23.03.2022 Book JO  
          AU LIBRARY AU LIBRARY Open Shelf 23.03.2022 DONATION FROM MOI UNIVERSITY   QM34 .G75 1994 C2 28006721 23.03.2022 23.03.2022 Book JO 2
          AU LIBRARY AU LIBRARY Open Shelf 30.03.2022 DONATION FROM MOI UNIVERSITY   QM34 .G75 1994 C3 28011805 30.03.2022 30.03.2022 Book CM 3
          AU LIBRARY AU LIBRARY Open Shelf 01.04.2022 DONATION FROM MOI UNIVERSITY   QM34 .G75 1994 C4 28007412 01.04.2022 01.04.2022 Book JO 4
          AU LIBRARY AU LIBRARY Open Shelf 04.04.2022 DONATION FROM MOI UNIVERSITY   QM34 .G75 1994 C5 28007738 04.04.2022 04.04.2022 Book WO 5

Powered by Koha